[Event "Pardubice Region-chT 2223"]
[Site "Czech Republic"]
[Date "2022.11.13"]
[Round "3.4"]
[White "Pail, Milan"]
[Black "Janecek, Vaclav"]
[Result "1/2-1/2"]
[WhiteElo "1831"]
[BlackElo "1857"]
[PlyCount "119"]
[EventDate "2022.10.09"]
[EventType "team-tourn"]
[EventRounds "11"]
[EventCountry "CZE"]
[SourceTitle "EXT 2024"]
[Source "ChessBase"]
[SourceDate "2023.10.10"]
[SourceVersion "1"]
[SourceVersionDate "2023.10.10"]
[SourceQuality "1"]

1. e4 e5 2. Nf3 Nf6 3. Bc4 Nxe4 4. d3 Nf6 5. Nxe5 d5 6. Bb3 Be7 7. 0-0 0-0 8. c3 c6 9. Nd2 h6 10. Ndf3 Bf5 11. Be3 Nbd7 12. Qd2 Ng4 13. Nxg4 Bxg4 14. Bd1 Bd6 15. Nd4 Bxd1 16. Raxd1 Qf6 17. Nf3 Rfe8 18. Rde1 a6 19. Bd4 Qf5 20. Nh4 Qh5 21. g3 Rxe1 22. Qxe1 c5 23. Be3 Re8 24. Qd1 Qxd1 25. Rxd1 h5 26. Nf5 Bf8 27. Kf1 g6 28. Nh4 Ne5 29. Bf4 Nc6 30. Re1 Rxe1+ 31. Kxe1 Be7 32. Nf3 f6 33. h4 c4 34. dxc4 dxc4 35. Be3 Kf7 36. Bd4 Ke6 37. Nd2 b5 38. Bb6 Ne5 39. Kd1 Kd5 40. Bd4 Nd3 41. b3 f5 42. f3 f4 43. bxc4+ bxc4 44. gxf4 Bxh4 45. Nf1 Bf2 46. Bxf2 Nxf2+ 47. Ke2 Nd3 48. Ne3+ Kc5 49. f5 gxf5 50. Nxf5 Nc1+ 51. Kd2 Nxa2 52. Nh4 a5 53. f4 Kd5 54. f5 Ke5 55. Kc2 Nb4+ 56. cxb4 axb4 57. Kb2 Kf6 58. Kc2 Kg5 59. Kb2 Kf6 60. Kc2 1/2-1/2